banner-ar

الادارة الاليكترونية للموارد البشرية / (Record no. 67110)

MARC details
000 -الفاتح
حقل البيانات ثابتة الطول 01132nam a2200277Ia 4500
005 - وقت وتاريخ اخر تعامل مع التسجيلة
رقم الضبط 20240530110957.0
008 - عناصر البيانات ثابتة الطول - معلومات عامة
حقل البيانات ثابتة الطول 140319s2006 xx 000 0 ara d
020 ## - الرقم الدولى المعيارى للكتب
الرقم الدولى المعيارى للكتاب 9774083709
040 ## - مصدر الفهرسة
وكالة الفهرسة الأصلية GCL /
وكالة النسخ GCL
082 04 - رقم تصنيف ديوى العشرى
رقم التصنيف 658.3 /
رقم المادة هـ ا
رقم الطبعة الاولى
100 1# - المدخل الرئيسى - إسم شخصى
الإسم الشخصى هوبكنز ، برايان
245 10 - بيان العنوان
العنوان الادارة الاليكترونية للموارد البشرية /
بيان المسئوليه,etc تاليف هوبكنز ، برايان ؛ جيمس ماركهام ؛ مترجم خالد العامرى
بقية العنوان
250 ## - بيان الطبعة
بيان الطبعة الاولى
260 ## - PUBLICATION, DISTRIBUTION, ETC. (IMPRINT)
تاريخ النشر أو التوزيع 2006
300 ## - الوصف المادى
التعداد 336 ص ؛
أبعاد الوعاء 24 سم
490 ## - بيان السلسلة
عنوان السلسلة مهارات الادارة للمحترفين
650 04 - المدخل الاضافى بالموضوع-مصطلح موضوعى
مصطلح موضوعي الادارة
650 04 - المدخل الاضافى بالموضوع-مصطلح موضوعى
مصطلح موضوعي الادارة - تطوير
650 04 - المدخل الاضافى بالموضوع-مصطلح موضوعى
مصطلح موضوعي التسويق الالكترونى
650 04 - المدخل الاضافى بالموضوع-مصطلح موضوعى
مصطلح موضوعي الموارد البشرية
651 ## - المدخل الاضافى بالموضوع - اسم جغرافى
مصدر الرأس أو المصطلح الادارة الاليكترونية
700 ## - المدخل الاضافى - اسم شخصى
الإسم الشخصى جيمس ماركهام
الدور مؤلف مشارك
700 ## - المدخل الاضافى - اسم شخصى
الإسم الشخصى خالد العامرى
الدور مترجم
942 ## - عناصر المدخل الإضافي( كوها)
مصدر التصنيف او مخطط الترفيف Dewey Decimal Classification
Koha [default] item type كتاب
260 ## - PUBLICATION, DISTRIBUTION, ETC. (IMPRINT)
-- القاهرة :
-- دار الفاروق للنشر والتوزيع،
Holdings
حالة التراجع حالة الفقد حالة تلف ليس للاعارة المكان المؤقت الموقع الحالى موقع الترفيف تاريخ الاكتساب اجمالي اﻻعارات رقم الطلب الباركود تاريخ اخر مشاهدة تاريخ تفعيل السعر نوع وعاء كوها
        مكتبة القاهرة الكبرى مكتبة القاهرة الكبرى ق الرئيسية_الإدارة_ك عربى 01/03/2023   658.3 / هـ ا 169143 01/03/2023 01/03/2023 كتاب

Powered By

EGPV